| 000 | 00420 a2200169 4500 | ||
|---|---|---|---|
| 020 | _a8177559699 | ||
| 022 | _a9788177559699 | ||
| 082 | _a150.3 | ||
| 090 |
_c4742 _d4742 |
||
| 100 | _aCosmo Publications | ||
| 245 |
_aCosmo Dictionary of Psychology _cCosmo Publications |
||
| 250 | _a1st | ||
| 260 |
_aNew Delhi _bCosmo Publications _c2005 |
||
| 300 | _a314p | ||
| 500 | _aHard cover | ||
| 942 |
_aNBS _cBK _k150.3 COS |
||
| 999 |
_c347174 _d347174 |
||